| 000 | 00915nam a2200289 a 4500 | ||
|---|---|---|---|
| 001 | 000014369 | ||
| 005 | 20200929163607.0 | ||
| 008 | 091210s2001 sp 000 f spa d | ||
| 020 | _a8495501368 | ||
| 040 |
_aDO-SdBNP _bspa _cBNPHU |
||
| 041 | 1 | 7 |
_aspa _hger _2Código de idioma MARC |
| 082 |
_a833.914 _bG768t, 2001 |
||
| 100 | 1 |
_aGrass, Günter, _d1927- _93769 |
|
| 240 | 1 | 0 |
_aDie blechtrommel. _lEspañol |
| 245 | 1 | 3 |
_aEl tambor de hojalata / _cGünter Grass ; traducción de Carlos Gerhard. |
| 250 | _a4a ed. | ||
| 260 |
_a[Madrid] : _bSuma de Letras, _c2001. |
||
| 300 |
_a596, [9] p. ; _c18 cm. |
||
| 490 | 1 |
_aPunto de lectura _v41/1 |
|
| 534 |
_pTítulo original en alemán: _tDie blechtrommel _c1959 |
||
| 650 | 4 |
_aNovela alemana _93302 |
|
| 650 | 4 |
_aLiteratura alemana _93274 |
|
| 700 | 1 |
_aGerhard, Carlos, _etr. _95131 |
|
| 830 | 0 |
_aPunto de lectura ; _v41/1 _93047 |
|
| 910 | _aWM | ||
| 049 | _aBNGR | ||
| 999 |
_c13961 _d13961 |
||